00649 2200205 4500001002100000005001500021035002000036008004100056245005400097100002500151260004500176300002500221022001400246084002000260082001000280650008600290863002500376020002200401990002000423INLIS00000000000404620250123095719 a0010-0125000337250123 0 ind 1 aIsran Noor Jaga Integritas Indonesia /cSuharsono aSuharsono, Suharsono aJakarta :bBangun Indonesia Press,c2013 a402 hlm. ;c16x24 cm a2614-8560 a923.2 SUH I C.1 a923.2 4aBiografi Ahli Politik, Biografi Politikus, Politisi, Biografi Ahli Pemerintahan aSejarah Perpustakaan a978-602-95559-3-6 a231211200007108